000 01070cab a2200301 4500
001 ABS54796
008 090401t1996 xxu||||| |||| 00| 0 eng d
035 _a(Sirsi) u12294
041 _aeng
100 _aBlaney, T.
245 _aPlanners learn to live with challenge from judicial review
260 _c1996
350 _a0
490 _aPlanning (for the Natural and Built Environment)
_v(1161) 22 March 1996, 25(1)
520 _aDefines the grounds for a judicial review in the context of planning procedure. Includes legal error, breach of natural justice and the `Wednesbury` principle.
650 _aBREACHES OF NATURAL JUSTICE
650 _aJUDICIAL REVIEW
650 _aR V EALING LBC
650 _aR V HARINGEY LBC EX P BARRS
650 _aR V NORTH HERTFORDSHIRE DC EX P SULLIVAN
650 _aR V SOS ENVIRONMENT EX P KENSINGTON AND CHELSEA LBC
650 _aRSC O53
650 _aTOWN AND COUNTRY PLANNING ACT 1990 S288
650 _aWEDNESBURY PRINCIPLES
690 _aPLANNING LAW AND PRACTICE
942 _n0
948 _c04/03/1997
999 _c7868
_d7868